Business environment / (Record no. 40009)

MARC details
000 -LEADER
fixed length control field 00765nam a22002417a 4500
005 - DATE AND TIME OF LATEST TRANSACTION
control field 20100807120050.0
010 ## - LCCN (DPL NO)
LC control number ENG-98786
020 ## - INTERNATIONAL STANDARD BOOK NUMBER
International Standard Book Number 978938023670
Terms of availability 90.00
035 ## - SYSTEM CONTROL NUMBER
System control number EN-82318
037 ## - SOURCE OF ACQUISITION
Source of stock number/acquisition DBAD/PUB
082 ## - DEWEY DECIMAL CLASSIFICATION NUMBER
Classification number 658
100 ## - MAIN ENTRY--PERSONAL NAME
Personal name Banu, A. Sameen.
245 ## - TITLE STATEMENT
Title Business environment /
Statement of responsibility, etc by A. Sameen. Banu
260 ## - PUBLICATION, DISTRIBUTION, ETC. (IMPRINT)
Place of publication, distribution, etc Thanjavur
Name of publisher, distributor, etc Printmagic
Date of publication, distribution, etc 2009
270 ## - ADDRESS
Address 2,First,Guru Complex, Rajappa Nagar, Medical college Road
City Thanjavur
Postal code 613007
300 v# - PHYSICAL DESCRIPTION
Extent 163p.
Dimensions 23cm (pbk)
650 ## - SUBJECT ADDED ENTRY--TOPICAL TERM
Topical term or geographic name as entry element Business
650 ## - SUBJECT ADDED ENTRY--TOPICAL TERM
Topical term or geographic name as entry element Commerce
700 ## - ADDED ENTRY--PERSONAL NAME
9 (RLIN) 8297
700 ## - ADDED ENTRY--PERSONAL NAME
9 (RLIN) 8298
942 ## - ADDED ENTRY ELEMENTS (KOHA)
Source of classification or shelving scheme Dewey Decimal Classification
Item type English Books
Classification part 658
Call number suffix SAM
Holdings
Withdrawn status Lost status Not for loan Collection code Home library Current library Date acquired Source of acquisition Cost, normal purchase price Full call number Barcode Copy number Cost, replacement price Koha item type
    Not For Loan Non-fiction D.B.Act.Division D.B.Act.Division 07/08/2010 DBAD/PUB 90.00 658 SAM EN-82318 1 90.00 English Books

© Delhi Public Library
Hit Counter
free hit counter